| 000 | 00496 a2200181 4500 | ||
|---|---|---|---|
| 003 | OSt | ||
| 005 | 20240209123952.0 | ||
| 008 | 240209b |||||||| |||| 00| 0 eng d | ||
| 020 | _a9788195692439 | ||
| 040 | _coclc | ||
| 082 |
_a920 _bALI/A |
||
| 100 |
_aAli, A Asgar _910444 |
||
| 245 |
_aA V Abdurahman Haji: Lalithajeevithavum Adarshadeepthiyum / _cA. Asgar Ali |
||
| 250 | _a1st ed. | ||
| 260 |
_aCalicut: _bKNM, _c2022. |
||
| 300 | _a215p. | ||
| 942 |
_2ddc _cBK _h920 _k920 |
||
| 999 |
_c44429 _d44429 |
||